| 000 | 00749nas a2200229 i 4500 | ||
|---|---|---|---|
| 001 | 197 | ||
| 003 | ES-MaACL | ||
| 005 | 20250828083957.0 | ||
| 007 | t| | ||
| 008 | 950801d19331994fr | | 1 ||re d | ||
| 245 | 0 | 0 | _aAnnuaire international de l'éducation et de l'enseignement. |
| 260 |
_aParis : _bUnesco ; _aGeneve : _bBureau international d'éducation, _c1933-1994. |
||
| 300 |
_a21 v. ; _c25 cm. |
||
| 310 | _aAnual | ||
| 362 | 1 | _a1(1933)-7(1939),8(1946)-14(1952) | |
| 500 | _aDe 1953 a 1994, el nombre: Annuaire international de l'éducation. | ||
| 650 | 7 |
_aEducación _2embne _912073 |
|
| 710 | 2 | 0 |
_aOficina Internacional de Educación _96022 |
| 852 |
_aES-MaACL _jP-728 |
||
| 866 | 0 | _o1935-39,1946-50,1952-58,1966. | |
| 999 |
_c197 _d197 |
||